| 000 | 00481cas a2200157 4500 | ||
|---|---|---|---|
| 008 | 171030n eng u | ||
| 022 | _a0033-183X | ||
| 035 | _a(Sirsi) a205269 | ||
| 050 | _aQH 301 | ||
| 245 | _aProtoplasma | ||
| 260 |
_aNew York: _b Spring Verlag, _c 1967. |
||
| 310 | _aMonthly | ||
| 362 | _aVol. 63, No. 1-3, 1967 - Vol. 93, No. 2-3, 1977 | ||
| 520 | _aThe journal reports investigations into the properties of protoplasma and cells. | ||
| 650 | _aProtoplasma | ||
| 999 |
_c10054 _d10054 |
||